000 00299nam a22001337a 4500
008 170922b xxu||||| |||| 00| 0 eng d
020 _a1555421997
041 _aeng
080 _a37
100 _a46
101 _aEDU
245 _aTHE MORAL DIMENSIONS OF TEACHING
_cGOODLAD,J.I
942 _2udc
_cBK
999 _c28965
_d28965